<?xml version="1.0" encoding="UTF-8"?>
<record
    xmlns:xsi="http://www.w3.org/2001/XMLSchema-instance"
    xsi:schemaLocation="http://www.loc.gov/MARC21/slim http://www.loc.gov/standards/marcxml/schema/MARC21slim.xsd"
    xmlns="http://www.loc.gov/MARC21/slim">

  <leader>01804nam a2200409 a 4500</leader>
  <controlfield tag="005">20240507120916.0</controlfield>
  <controlfield tag="008">101001t1992||||ag     f |||| 001 0 spa d</controlfield>
  <datafield tag="020" ind1=" " ind2=" ">
    <subfield code="a">9509428167</subfield>
  </datafield>
  <datafield tag="041" ind1=" " ind2=" ">
    <subfield code="a">spa</subfield>
  </datafield>
  <datafield tag="092" ind1=" " ind2=" ">
    <subfield code="c">152</subfield>
    <subfield code="l">77</subfield>
    <subfield code="s">SCH</subfield>
  </datafield>
  <datafield tag="100" ind1="1" ind2=" ">
    <subfield code="a">Sch&#xE1;velzon, Jos&#xE9;</subfield>
    <subfield code="9">3778</subfield>
  </datafield>
  <datafield tag="245" ind1=" " ind2=" ">
    <subfield code="a">Psique. Cancerolog&#xED;a.</subfield>
    <subfield code="b">Psicolog&#xED;a. Psicoterapia. Psicofarmacos / </subfield>
    <subfield code="c">Jos&#xE9; Sch&#xE1;velzon</subfield>
  </datafield>
  <datafield tag="250" ind1=" " ind2=" ">
    <subfield code="a">1a ed. </subfield>
    <subfield code="b">Pr&#xF3;logo de Henry Laborit</subfield>
  </datafield>
  <datafield tag="260" ind1=" " ind2=" ">
    <subfield code="a">Buenos Aires: </subfield>
    <subfield code="b">Cient&#xED;fica Interamericana;</subfield>
    <subfield code="c">1992.</subfield>
  </datafield>
  <datafield tag="300" ind1=" " ind2=" ">
    <subfield code="a">368 p.</subfield>
  </datafield>
  <datafield tag="500" ind1=" " ind2=" ">
    <subfield code="a">Schavelzon, J. (1992). Psique. Cancerolog&#xED;a. Psicolog&#xED;a. Psicoterapia. Psicofarmacos. (1a ed.). Buenos Aires : Cient&#xED;fica Interamericana.</subfield>
  </datafield>
  <datafield tag="653" ind1=" " ind2=" ">
    <subfield code="a">Prevalencia de trastornos emocionales en pacientes con c&#xE1;ncer</subfield>
  </datafield>
  <datafield tag="653" ind1=" " ind2=" ">
    <subfield code="a">Etiolog&#xED;a. Facores que determinan la situaci&#xF3;n emocional</subfield>
  </datafield>
  <datafield tag="653" ind1=" " ind2=" ">
    <subfield code="a">Sintomatolog&#xED;a y tratamiento</subfield>
  </datafield>
  <datafield tag="653" ind1=" " ind2=" ">
    <subfield code="a">Psicof&#xE1;rmacos. Definici&#xF3;n e historia</subfield>
  </datafield>
  <datafield tag="653" ind1=" " ind2=" ">
    <subfield code="a">Psicof&#xE1;rmacos. Clasificaci&#xF3;n</subfield>
  </datafield>
  <datafield tag="653" ind1=" " ind2=" ">
    <subfield code="a">Concepto de inhibici&#xF3;n en acci&#xF3;n</subfield>
  </datafield>
  <datafield tag="653" ind1=" " ind2=" ">
    <subfield code="a">Respuesta del paciente a la administraci&#xF3;n de un psicof&#xE1;rmaco</subfield>
  </datafield>
  <datafield tag="653" ind1=" " ind2=" ">
    <subfield code="a">Tratamiento de las nauseas y v&#xF3;mitos</subfield>
  </datafield>
  <datafield tag="653" ind1=" " ind2=" ">
    <subfield code="a">Dolor</subfield>
  </datafield>
  <datafield tag="653" ind1=" " ind2=" ">
    <subfield code="a">Desnutrici&#xF3;n, anorexia y astenia</subfield>
  </datafield>
  <datafield tag="653" ind1=" " ind2=" ">
    <subfield code="a">Psicoterapia y pasicof&#xE1;rmacos en oncolog&#xED;a</subfield>
  </datafield>
  <datafield tag="653" ind1=" " ind2=" ">
    <subfield code="a">Informaci&#xF3;n en cancerolog&#xED;a. La comunicaci&#xF3;n</subfield>
  </datafield>
  <datafield tag="653" ind1=" " ind2=" ">
    <subfield code="a">Desadaptaci&#xF3;n efectiva. Sexualidad y c&#xE1;ncer</subfield>
  </datafield>
  <datafield tag="653" ind1=" " ind2=" ">
    <subfield code="a">Mitos. El contagio del c&#xE1;ncer. Los privilegios</subfield>
  </datafield>
  <datafield tag="653" ind1=" " ind2=" ">
    <subfield code="a">Anexo 1: Los modelos de enfermedad</subfield>
  </datafield>
  <datafield tag="653" ind1=" " ind2=" ">
    <subfield code="a">Anexo 2: El paciente que se queja de dolor y su entorno.</subfield>
  </datafield>
  <datafield tag="653" ind1=" " ind2=" ">
    <subfield code="a">Anexo 3: El hombre como unidad psicosom&#xE1;tica</subfield>
  </datafield>
  <datafield tag="653" ind1=" " ind2=" ">
    <subfield code="a">Anexo 4: Un modelo psicosom&#xE1;tico y psicosocial: Freud</subfield>
  </datafield>
  <datafield tag="653" ind1=" " ind2=" ">
    <subfield code="a">Anexo 5: Personalidad prem&#xF3;rbida y c&#xE1;ncer</subfield>
  </datafield>
  <datafield tag="942" ind1=" " ind2=" ">
    <subfield code="2">ddc</subfield>
    <subfield code="c">BK</subfield>
  </datafield>
  <datafield tag="999" ind1=" " ind2=" ">
    <subfield code="c">2194</subfield>
    <subfield code="d">2194</subfield>
  </datafield>
  <datafield tag="952" ind1=" " ind2=" ">
    <subfield code="0">0</subfield>
    <subfield code="1">0</subfield>
    <subfield code="2">ddc</subfield>
    <subfield code="4">0</subfield>
    <subfield code="7">0</subfield>
    <subfield code="a">BFM</subfield>
    <subfield code="b">BFM</subfield>
    <subfield code="c">CR</subfield>
    <subfield code="d">2015-09-17</subfield>
    <subfield code="e">Donaci&#xF3;n Jaime Novodvoretz, Septiembre 2015</subfield>
    <subfield code="l">0</subfield>
    <subfield code="o">152 77 SCH</subfield>
    <subfield code="p">3529</subfield>
    <subfield code="r">2015-09-17</subfield>
    <subfield code="t">Ej.1</subfield>
    <subfield code="w">2015-09-17</subfield>
    <subfield code="y">BK</subfield>
    <subfield code="z">Donaci&#xF3;n Jaime Novodvoretz, Septiembre 2015</subfield>
  </datafield>
</record>
